Historia de la Literatura Hispanoamericana / (Record no. 1559)

000 -CABECERA
fixed length control field 00926nam a22002417a 4500
003 - IDENTIFICADOR DEL NÚMERO DE CONTROL
control field AR-CdUCM
008 - DATOS DE LONGITUD FIJA--INFORMACIÓN GENERAL
fixed length control field 190227b ||||| |||| 00| 0 spa d
040 ## - FUENTE DE LA CATALOGACIÓN
Agencia/entidad que catalogó originalmente la obra MUNICIPALIDAD PROVINCIAL DEL CUSCO
Entidad que transcribió la catalogación BIBLIOTECA MUNICIPAL DEL CUSCO
082 ## - NÚMERO DE LA CLASIFICACIÓN DECIMAL DEWEY
No. de la edición 2da
No. de Clasificación 869.009 /
Notacion interna AN59
100 ## - ENTRADA PRINCIPAL--NOMBRE DE PERSONA
Nombre Personal Anderson Imbert, Enrique
245 ## - MENCIÓN DE TÍTULO
Título Historia de la Literatura Hispanoamericana /
260 ## - PUBLICACIÓN, DISTRIBUCIÓN, ETC.
Lugar de publicación, distribución, etc. México :
Nombre de la editorial, distribuidor, etc. Fondo de Cultura Económica ;
Fecha de publicación, distribución, etc. 1957.
300 ## - DESCRIPCIÓN FÍSICA
Nº de Páginas Extensión 509 páginas
Dimensiones 17cm
440 ## - MENCIÓN DE SERIE/PUNTO DE ACCESO ADICIONAL--TÍTULO
Título Breviarios, Lengua y Estudios Literarios
Número de la parte/sección de una obra 89
9 (RLIN) 5855
505 ## - NOTA DE CONTENIDO CON FORMATO
Nota de contenido formateada El primer Renacimiento -- Segundo Renacimiento y Contrarreforma -- Del Renacimiento al Barroco -- Del Barroco al Rococó -- La Ilustración y el Neoclasicismo
650 ## - PUNTO DE ACCESO ADICIONAL DE MATERIA--TÉRMINO DE MATERIA
Descriptor Renacimiento
9 (RLIN) 5856
650 ## - PUNTO DE ACCESO ADICIONAL DE MATERIA--TÉRMINO DE MATERIA
Descriptor Romanticismo
9 (RLIN) 518
650 ## - PUNTO DE ACCESO ADICIONAL DE MATERIA--TÉRMINO DE MATERIA
Descriptor Realismo
9 (RLIN) 520
650 ## - PUNTO DE ACCESO ADICIONAL DE MATERIA--TÉRMINO DE MATERIA
Descriptor Naturalismo
9 (RLIN) 522
650 ## - PUNTO DE ACCESO ADICIONAL DE MATERIA--TÉRMINO DE MATERIA
Descriptor Modernismo
9 (RLIN) 519
942 ## - ELEMENTOS DE PUNTO DE ACCESO ADICIONAL (KOHA)
Fuente de clasificación
Tipo de item Libros-BMC
945 ## - PROCESAMIENTO DE INFORMACIÓN LOCAL (OCLC)
Catalogador nom
AAAA-MM-DD - Fecha de ingreso o modificacion 2019-02-27
Holdings
Estado de retiro (separado) Fuente de clasificación o esquema de estanterías Estado dañado Ubicación Sala donde se ubica Nombre de la colección Fecha de adquisición o compra Costo, precio normal en soles Signatura topográfica Código de Barras Última vez visto (Koha) Tipo de ítem (Koha)
No     Sala Humanidades Sala Humanidades Book Cart 2019-02-27 30.00 869.009 / AN59 SH0000001779 2019-02-27 Libros-BMC

Powered by Koha